|
|
|
|
| LEADER |
00000nas a2200000 a 4500 |
| 001 |
ssj0014631 |
| 003 |
WaSeSS |
| 005 |
20200512172242.0 |
| 006 |
m d |
| 007 |
cr n |
| 008 |
940201d19922005njumr p s 0 a0eng c |
| 010 |
|
|
|a sn 97039379
|
| 016 |
7 |
|
|a 9423666
|2 DNLM
|
| 016 |
7 |
|
|a SR0080602
|2 DNLM
|
| 022 |
|
|
|l 1559-3177
|y 1559-3177
|
| 030 |
|
|
|a FPOEEA
|
| 035 |
|
|
|a (WaSeSS)ssj0014631
|
| 040 |
|
|
|a WaPS
|b eng
|c WaPS
|d OCoLC
|d OUCA
|d DNLM
|d NBuU-H
|d OCoLC
|d NSDP
|d DNLM
|d OCoLC
|d OCLCF
|d OCLCO
|d OCoLC
|d WaSeSS
|
| 042 |
|
|
|a pcc
|a nsdp
|
| 060 |
0 |
0 |
|a W1
|b FE543D
|
| 082 |
1 |
0 |
|a 618
|2 13
|
| 130 |
0 |
|
|a Female patient (OB/GYN ed.)
|
| 222 |
|
4 |
|a The female patient
|b (OB/GYN ed.)
|
| 245 |
1 |
4 |
|a The female patient
|h [electronic resource] :
|b total health care for women.
|
| 246 |
3 |
0 |
|a Total health care for women
|
| 250 |
|
|
|a OB/GYN ed.
|
| 260 |
|
|
|a Belle Mead, NJ :
|b Core Pub.,
|c ©1992-
|
| 310 |
|
|
|a Monthly
|
| 362 |
0 |
|
|a Vol. 17, no. 6 (June 1992)-
|
| 362 |
1 |
|
|a Ceased with vol. 30, no. 12 (Dec. 2005).
|
| 500 |
|
|
|a Title from cover.
|
| 500 |
|
|
|a Published: Chatham, NJ : Quadrant HealthCom, <2005->
|
| 506 |
|
|
|a License restrictions may limit access.
|
| 580 |
|
|
|a Merged with: Female patient (Primary care ed.), to form: Female patient.
|
| 588 |
|
|
|a Final issue consulted.
|
| 650 |
|
0 |
|a Gynecology
|v Periodicals.
|
| 650 |
|
0 |
|a Obstetrics
|v Periodicals.
|
| 650 |
|
0 |
|a Women
|x Diseases
|v Periodicals.
|
| 650 |
0 |
2 |
|a Genital Diseases, Female.
|
| 650 |
0 |
2 |
|a Obstetrics.
|
| 650 |
|
7 |
|a Gynecology.
|2 fast
|0 (OCoLC)fst00949684
|
| 650 |
|
7 |
|a Obstetrics.
|2 fast
|0 (OCoLC)fst01042994
|
| 650 |
|
7 |
|a Women
|x Diseases.
|2 fast
|0 (OCoLC)fst01176639
|
| 655 |
|
0 |
|a Electronic journals.
|
| 780 |
0 |
0 |
|t Female patient. Practical ob/gyn medicine
|x 0888-2401
|w (DLC)sn 86014614
|w (OCoLC)13535457
|
| 785 |
1 |
7 |
|t Female patient (Primary care ed.)
|x 0888-2398
|w (DLC)sn 86014613
|w (OCoLC)13535486
|
| 785 |
1 |
7 |
|t Female patient
|
| 850 |
|
|
|a DNLM
|
| 856 |
4 |
0 |
|z Full text available from Research Library: 08/01/1998 to 01/31/2003
|u https://search.proquest.com/publication/47705
|